Life jubilee of Prof. DVM. František Hrudka, DSc. the first Editor-in-chief of Folia veterinaria

Bibliographic Details
Main Authors: Cabadaj, Rudolf, 1940- (Author), Jantošovič, Ján, 1929- (Author)
Format: Article
Language:Slovak
English
PhysicalDescription:Fotogr.
ISSN:0015-5748
Subjects:

MARC

LEADER 00000nab a2200000 a 4500
001 vtls000780410
003 SK-MaSNL
005 20260304115007.0
008 250429c2001 xo 0 slo
015 |a SNBRB2002/01-02255 
035 |a CLN000132160 
035 |a urn:nbn:sk:snk-ab9j4q 
035 |a (urnnbn)urn:nbn:sk:snk:ar-a08gl5 
035 |a (uuid)04178471-4554-4176-bdc0-f727d0c84e8e 
040 |a SNKBUCL  |b slo  |c SNKBUCL  |e AACR2 
041 0 |a eng 
044 |a xo  |c SK 
080 |a 619-051  |2 1997 
080 |a 929 Hrudka, František  |2 1997 
100 1 |a Cabadaj, Rudolf,  |d 1940-  |4 aut  |9 107699 
245 1 0 |a Life jubilee of Prof. DVM. František Hrudka, DSc. the first Editor-in-chief of Folia veterinaria  |c Rudolf Cabadaj, Ján Jantošovič 
300 |b Fotogr. 
600 1 7 |a Hrudka, František,  |d 1920-2010  |2 snkbucl  |9 80180 
655 7 |a články z novín a časopisov  |2 snkbucl  |9 267496 
700 1 |a Jantošovič, Ján,  |d 1929-  |4 aut  |9 196331 
773 0 |t Folia veterinaria  |g Roč. 45, č. 2 (2001), s. 110  |x 0015-5748 
850 |a Slovenská národná knižnica 
852 |a Slovenská národná knižnica 
958 |a article13 
958 |a MI 
958 |a SK 
958 |a BX 
958 |a OND 
958 |a EUIPO 
992 |a RBX 
999 |c 2874539  |d 2876469